| 000 | 00689cam a22002054a 4500 | ||
|---|---|---|---|
| 001 | 13217055 | ||
| 005 | 20121126123018.0 | ||
| 008 | 030529s2003 enka b 001 0 eng | ||
| 020 | _a9780521642989 | ||
| 020 | _a0521642981 | ||
| 082 | 0 | 0 |
_a621.38412 _221 _bMAC |
| 100 | 1 |
_aMacKay, David J. C. _931461 |
|
| 245 | 1 | 0 |
_aInformation Theory, Inference, and Learning Algorithms / _cDavid J.C. MacKay. |
| 260 |
_aCambridge, UK ; _aNew York : _bCambridge University Press, _c2003. |
||
| 300 |
_axii, 628 p. : _bill. ; _c26 cm. |
||
| 504 | _aIncludes bibliographical references (p. 613-619) and index. | ||
| 650 | 0 |
_aInformation theory. _931462 |
|
| 653 |
_bEle _cNovember2012 |
||
| 942 |
_2ddc _cBB |
||
| 999 |
_c17106 _d17078 |
||